[Event "Daventry 4NCL U1700"]
[Site "Daventry"]
[Date "2025.04.21"]
[Round "7.8"]
[White "Loyden, Gary"]
[Black "Robinson, John K"]
[Result "1/2-1/2"]
[WhiteElo "1531"]
[BlackElo "1627"]
[PlyCount "29"]
[EventDate "2025.04.18"]
[EventType "swiss"]
[EventRounds "7"]
[EventCountry "ENG"]
[SourceTitle "BritBase"]
[Source "John Saunders"]
[SourceDate "2025.09.18"]
[SourceVersion "1"]
[SourceVersionDate "2025.09.18"]
[SourceQuality "1"]

1. e4 d6 2. d4 g6 3. Nc3 Bg7 4. Bc4 Nf6 5. Qe2 Nfd7 6. Nf3 O-O 7. Be3 c5 8. O-O-O cxd4 9. Bxd4 Bxd4 10. Nxd4 Nc6 11. Nf3 Nde5 12. Nxe5 Nxe5 13. Bb3 Bd7 14. f3 a6 15. h4 1/2-1/2

[Event "Daventry 4NCL U1700"]
[Site "Daventry"]
[Date "2025.04.21"]
[Round "7.9"]
[White "Bishop, Geoffrey L"]
[Black "Li, Emmanuelle"]
[Result "1-0"]
[WhiteElo "1609"]
[BlackElo "1289"]
[PlyCount "63"]
[EventDate "2025.04.18"]
[EventType "swiss"]
[EventRounds "7"]
[EventCountry "ENG"]
[SourceTitle "BritBase"]
[Source "John Saunders"]
[SourceDate "2025.09.18"]
[SourceVersion "1"]
[SourceVersionDate "2025.09.18"]
[SourceQuality "1"]

1. c4 e5 2. g3 Nf6 3. Nc3 Bb4 4. Nd5 Nc6 5. Nxb4 Nxb4 6. Bg2 d6 7. Qa4+ Nc6 8. Bxc6+ bxc6 9. Qxc6+ Bd7 10. Qg2 O-O 11. d3 h6 12. Nf3 Bg4 13. h3 Bh5 14. g4 Bg6 15. h4 h5 16. gxh5 Bxh5 17. Bh6 Ng4 18. Bg5 Nf6 19. Qh3 Bg6 20. h5 Bh7 21. h6 g6 22. Qh4 Qd7 23. Bxf6 Qf5 24. Bg7 Rfe8 25. Qf6 Qxf6 26. Bxf6 Rab8 27. b3 Re6 28. Bg5 f6 29. Be3 a5 30. d4 e4 31. d5 Re7 32. Nd4 1-0

[Event "Daventry 4NCL U1700"]
[Site "Daventry"]
[Date "2025.04.21"]
[Round "7.11"]
[White "Cureton, Oliver"]
[Black "Ajimal, Jet"]
[Result "1-0"]
[WhiteElo "1340"]
[BlackElo "1629"]
[PlyCount "37"]
[EventDate "2025.04.18"]
[EventType "swiss"]
[EventRounds "7"]
[EventCountry "ENG"]
[SourceTitle "BritBase"]
[Source "John Saunders"]
[SourceDate "2025.09.18"]
[SourceVersion "1"]
[SourceVersionDate "2025.09.18"]
[SourceQuality "1"]

1. e4 e5 2. Nf3 Nc6 3. c3 Nf6 4. d4 d6 5. d5 Ne7 6. h3 Ng6 7. Be3 Bd7 8. Nbd2 Be7 9. Bd3 O-O 10. O-O Nh5 11. Bc2 Nf6 12. c4 Ne8 13. b4 b6 14. Nb3 f5 15. exf5 Bxf5 16. Bxf5 Rxf5 17. Nfd2 Bg5 18. Qg4 Qf6 19. Ne4 1-0

[Event "Daventry 4NCL U1700"]
[Site "Daventry"]
[Date "2025.04.21"]
[Round "7.12"]
[White "Morris, Nigel W"]
[Black "Raj Konwar, Daryan"]
[Result "0-1"]
[WhiteElo "1560"]
[BlackElo "1294"]
[PlyCount "88"]
[EventDate "2025.04.18"]
[EventType "swiss"]
[EventRounds "7"]
[EventCountry "ENG"]
[SourceTitle "BritBase"]
[Source "John Saunders"]
[SourceDate "2025.09.18"]
[SourceVersion "1"]
[SourceVersionDate "2025.09.18"]
[SourceQuality "1"]

1. Nf3 d5 2. c4 Nf6 3. cxd5 Qxd5 4. Nc3 Qa5 5. e4 Bg4 6. Qb3 Qb6 7. Qxb6 axb6 8. Ne5 c6 9. Nxg4 Nxg4 10. h3 Ne5 11. d4 Ng6 12. Bc4 e6 13. a3 Bb4 14. O-O Bxc3 15. bxc3 O-O 16. Be3 Nd7 17. Rfd1 b5 18. Bb3 Nf6 19. f3 Nh5 20. Kf2 Kh8 21. g3 f5 22. Bxe6 fxe4 23. f4 Rae8 24. Bg4 Nf6 25. Be2 Nd5 26. Bd2 e3+ 27. Bxe3 Rxe3 28. c4 bxc4 29. Bxc4 Rc3 30. Bxd5 cxd5 31. a4 Rc2+ 32. Kf3 h5 33. Rab1 h4 34. Rxb7 hxg3 35. Kxg3 Rxf4 36. Rb6 Rc3+ 37. Kh2 Ne7 38. a5 Ra3 39. Rb8+ Kh7 40. Ra8 Nf5 41. a6 Rf2+ 42. Kg1 Raa2 43. a7 Rg2+ 44. Kh1 Ng3# 0-1

[Event "Daventry 4NCL U1700"]
[Site "Daventry"]
[Date "2025.04.21"]
[Round "7.13"]
[White "Fraser, Chris A"]
[Black "Smith, Adam"]
[Result "1-0"]
[WhiteElo "1548"]
[BlackElo "1519"]
[PlyCount "129"]
[EventDate "2025.04.18"]
[EventType "swiss"]
[EventRounds "7"]
[EventCountry "ENG"]
[SourceTitle "BritBase"]
[Source "John Saunders"]
[SourceDate "2025.09.18"]
[SourceVersion "1"]
[SourceVersionDate "2025.09.18"]
[SourceQuality "1"]

1. b3 c6 2. Bb2 d5 3. e3 Nf6 4. Nf3 Bg4 5. c4 Nbd7 6. cxd5 cxd5 7. Be2 e6 8. a3 Bd6 9. d3 O-O 10. Nbd2 Re8 11. O-O e5 12. h3 Bxf3 13. Nxf3 Bf8 14. Rc1 Qb6 15. b4 Rad8 16. Qc2 a5 17. bxa5 Qxa5 18. Qc3 Qxc3 19. Rxc3 d4 20. exd4 exd4 21. Nxd4 Nb6 22. Rc2 Bxa3 23. Bxa3 Rxd4 24. Bc5 Rc8 25. Rfc1 Rxc5 26. Rxc5 g6 27. Rc7 Rd7 28. Rxd7 Nfxd7 29. Bf3 Ne5 30. Bxb7 Nxd3 31. Rd1 Nc5 32. Bf3 Kg7 33. Rc1 Nd3 34. Rb1 Nd7 35. Rb7 N7e5 36. Be2 Nf4 37. Kf1 Kh6 38. Bb5 Kg5 39. Re7 Kf6 40. Ra7 h5 41. Kg1 Nd5 42. Kh2 Nc3 43. Bf1 Kf5 44. Rc7 Nd5 45. Rc5 Ke4 46. Ra5 Nc6 47. Ra4+ Ke5 48. Bc4 Nc3 49. Ra3 Nd1 50. Bxf7 Kf6 51. Be8 Nb4 52. Kg1 g5 53. Bxh5 Nb2 54. Rb3 N2d3 55. Be2 Nf4 56. Rxb4 Nxe2+ 57. Kf1 Nc3 58. g3 Nd5 59. Ra4 Ke5 60. Ra5 Kd4 61. Ra4+ Ke5 62. Ra5 Kd4 63. Kg2 Ke5 64. Kf3 Ke6 65. Rxd5 1-0

[Event "Daventry 4NCL U1700"]
[Site "Daventry"]
[Date "2025.04.21"]
[Round "7.14"]
[White "Williams, Leslie"]
[Black "Ronald, Ken"]
[Result "1-0"]
[WhiteElo "1517"]
[BlackElo "1498"]
[PlyCount "95"]
[EventDate "2025.04.18"]
[EventType "swiss"]
[EventRounds "7"]
[EventCountry "ENG"]
[SourceTitle "BritBase"]
[Source "John Saunders"]
[SourceDate "2025.09.18"]
[SourceVersion "1"]
[SourceVersionDate "2025.09.18"]
[SourceQuality "1"]

1. b3 Nf6 2. a4 a5 3. d3 b6 4. Nf3 Bb7 5. e3 g6 6. Be2 Bg7 7. Ba3 O-O 8. Ra2 Re8 9. O-O Nc6 10. Nbd2 e5 11. c4 d6 12. Qc2 Qd7 13. Re1 Re7 14. Ng5 Rae8 15. Nge4 Nd8 16. Nc3 h5 17. Bf3 g5 18. e4 g4 19. Be2 Ne6 20. f3 Nd4 21. Qd1 Bh6 22. Nb5 Bxd2 23. Rxd2 Nxb5 24. axb5 Kh8 25. Rf1 Rg8 26. f4 Nh7 27. fxe5 Re6 28. exd6 cxd6 29. Bb2+ Nf6 30. Rxf6 Kh7 31. Qf1 Rg7 32. Qf5+ Kg8 33. Rxe6 Bc8 34. Rg6 Rxg6 35. Qxd7 Bxd7 36. Bd4 d5 37. exd5 f5 38. Ra2 f4 39. Bxb6 Rxb6 40. Rxa5 Rg6 41. Ra6 Rg7 42. Kf1 Rf7 43. Bd1 f3 44. gxf3 gxf3 45. Kf2 Bg4 46. b6 Bf5 47. Ra7 Rf8 48. b7 1-0

[Event "Daventry 4NCL U1700"]
[Site "Daventry"]
[Date "2025.04.21"]
[Round "7.15"]
[White "Gelder, Stephanie"]
[Black "Butler, Rene"]
[Result "1/2-1/2"]
[WhiteElo "1488"]
[BlackElo "1499"]
[PlyCount "68"]
[EventDate "2025.04.18"]
[EventType "swiss"]
[EventRounds "7"]
[EventCountry "ENG"]
[SourceTitle "BritBase"]
[Source "John Saunders"]
[SourceDate "2025.09.18"]
[SourceVersion "1"]
[SourceVersionDate "2025.09.18"]
[SourceQuality "1"]

1. d4 Nf6 2. Nc3 d5 3. Bf4 c5 4. dxc5 d4 5. Nb1 Qa5+ 6. Qd2 Qxc5 7. Nf3 Nc6 8. e3 Ne4 9. exd4 Nxd2 10. dxc5 Nxf3+ 11. gxf3 e5 12. Be3 Nb4 13. Na3 a6 14. c3 Nd5 15. O-O-O Nxe3 16. fxe3 Bxc5 17. e4 Bxa3 18. bxa3 O-O 19. Bc4 b5 20. Bb3 Be6 21. Rd2 Rac8 22. Kb2 Bxb3 23. axb3 g5 24. Rg1 f6 25. Rd6 Ra8 26. h4 h6 27. hxg5 hxg5 28. Rh1 Ra7 29. Rhd1 Kg7 30. Rc6 Kg6 31. Rdd6 Rh7 32. Kc2 Rh2+ 33. Rd2 Rxd2+ 34. Kxd2 Ra8 1/2-1/2

[Event "Daventry 4NCL U1700"]
[Site "Daventry"]
[Date "2025.04.21"]
[Round "7.16"]
[White "Collins, Nigel"]
[Black "Mantaev, Nikolai"]
[Result "1-0"]
[WhiteElo "1566"]
[BlackElo "1370"]
[PlyCount "81"]
[EventDate "2025.04.18"]
[EventType "swiss"]
[EventRounds "7"]
[EventCountry "ENG"]
[SourceTitle "BritBase"]
[Source "John Saunders"]
[SourceDate "2025.09.18"]
[SourceVersion "1"]
[SourceVersionDate "2025.09.18"]
[SourceQuality "1"]

1. c4 e6 2. e4 g6 3. Nc3 Bg7 4. g3 Ne7 5. Bg2 c5 6. Nge2 O-O 7. O-O a6 8. d3 Nbc6 9. Be3 d6 10. Rb1 Qc7 11. a3 Bd7 12. b4 Nd4 13. Qd2 Rfd8 14. Bh6 Bh8 15. Nxd4 Bxd4 16. Be3 Bg7 17. bxc5 dxc5 18. Ne2 Rab8 19. Rfc1 b6 20. f4 Nc6 21. e5 Be8 22. Qc2 Ne7 23. g4 h5 24. h3 Bc6 25. Ng3 Bxg2 26. Kxg2 hxg4 27. hxg4 f6 28. exf6 Bxf6 29. g5 Bd4 30. Qf2 Nf5 31. Nxf5 exf5 32. Rh1 Qc6+ 33. Kg3 Rb7 34. Qh2 Rg7 35. Qh8+ Kf7 36. Qxd8 Bxe3 37. Rh8 Ke6 38. Qf6+ Kd7 39. Qxg7+ Ke6 40. Qf6+ Kd7 41. Rh7+ 1-0

[Event "Daventry 4NCL U1700"]
[Site "Daventry"]
[Date "2025.04.21"]
[Round "7.17"]
[White "Gunarathne, Miheli"]
[Black "Fletcher, Ben J"]
[Result "0-1"]
[WhiteElo "1563"]
[BlackElo "1431"]
[PlyCount "66"]
[EventDate "2025.04.18"]
[EventType "swiss"]
[EventRounds "7"]
[EventCountry "ENG"]
[SourceTitle "BritBase"]
[Source "John Saunders"]
[SourceDate "2025.09.18"]
[SourceVersion "1"]
[SourceVersionDate "2025.09.18"]
[SourceQuality "1"]

1. e4 c5 2. Nf3 d6 3. d4 cxd4 4. Nxd4 Nf6 5. Nc3 a6 6. h3 e5 7. Nf3 Be7 8. Bc4 Nbd7 9. O-O O-O 10. Be3 b5 11. Bd3 Bb7 12. Re1 Rc8 13. Qd2 Nb6 14. Bxb6 Qxb6 15. Rad1 Bd8 16. a3 Bc7 17. Nh4 g6 18. Qh6 Bd8 19. Re3 Bc6 20. Rg3 Ne8 21. Nf5 Bf6 22. Be2 Qd8 23. Rdd3 Rc7 24. Kh1 Rd7 25. Nd5 Bxd5 26. Rxd5 Ng7 27. Bg4 Nxf5 28. exf5 Bg5 29. Qxg5 Qxg5 30. fxg6 Rdd8 31. Kh2 Qe7 32. gxh7+ Kh8 33. Bf5 Qf6 0-1

[Event "Daventry 4NCL U1700"]
[Site "Daventry"]
[Date "2025.04.21"]
[Round "7.18"]
[White "Amudhavel, Aadharshini"]
[Black "Bangalore Kumar, Rohith"]
[Result "0-1"]
[WhiteElo "1263"]
[BlackElo "1619"]
[PlyCount "90"]
[EventDate "2025.04.18"]
[EventType "swiss"]
[EventRounds "7"]
[EventCountry "ENG"]
[SourceTitle "BritBase"]
[Source "John Saunders"]
[SourceDate "2025.09.18"]
[SourceVersion "1"]
[SourceVersionDate "2025.09.18"]
[SourceQuality "1"]

1. e4 c6 2. d4 d5 3. exd5 cxd5 4. Nf3 Bg4 5. Nc3 Nf6 6. Bd3 Nc6 7. Be3 e6 8. h3 Bh5 9. g4 Bg6 10. Bxg6 hxg6 11. Bg5 Be7 12. Qd2 Nxg4 13. Bxe7 Qxe7 14. O-O-O Nf6 15. Rde1 Nd7 16. Nxd5 Qd6 17. Nf4 O-O-O 18. Nd3 Nxd4 19. Qc3+ Nc6 20. Nfe5 Ndxe5 21. Nxe5 Qc7 22. Nxc6 Qxc6 23. Qxg7 Qf3 24. Qd4 Rxd4 25. c3 Rdh4 26. Rhg1 Rxh3 27. Kb1 Rh1 28. Rxh1 Rxh1 29. Rxh1 Qxh1+ 30. Kc2 Qg2 31. Kb3 Qxf2 32. a4 Qc5 33. c4 a5 34. Kc3 f5 35. Kd3 e5 36. b3 Qb4 37. Kc2 e4 38. Kd1 Qxb3+ 39. Ke2 Qxc4+ 40. Kf2 Qd3 41. Kg2 e3 42. Kg1 e2 43. Kf2 f4 44. Ke1 Qd1+ 45. Kf2 Qf1# 0-1

[Event "Daventry 4NCL U1700"]
[Site "Daventry"]
[Date "2025.04.21"]
[Round "7.19"]
[White "Sartain, Patrick P"]
[Black "Yue, Blake"]
[Result "1/2-1/2"]
[WhiteElo "1458"]
[BlackElo "1178"]
[PlyCount "63"]
[EventDate "2025.04.18"]
[EventType "swiss"]
[EventRounds "7"]
[EventCountry "ENG"]
[SourceTitle "BritBase"]
[Source "John Saunders"]
[SourceDate "2025.09.18"]
[SourceVersion "1"]
[SourceVersionDate "2025.09.18"]
[SourceQuality "1"]

1. e4 e6 2. d4 d5 3. e5 c5 4. c3 Nc6 5. Nf3 cxd4 6. cxd4 Qb6 7. Be2 Nge7 8. g4 Ng6 9. O-O Be7 10. Nc3 O-O 11. a3 Re8 12. g5 Qd8 13. Kh1 Bf8 14. Rg1 Nge7 15. Nh4 Nf5 16. Nxf5 exf5 17. Bf4 Be6 18. Rg3 g6 19. h4 a6 20. h5 Bg7 21. hxg6 fxg6 22. Kg2 Qc7 23. Bf3 Re7 24. Bxd5 Nd8 25. Qb3 Qd7 26. Bxe6+ Nxe6 27. Ne2 Kh8 28. Rh1 Bf8 29. Rgh3 Nxd4 30. Nxd4 Qxd4 31. Rh4 Qe4+ 32. Kg3 1/2-1/2

[Event "Daventry 4NCL U1700"]
[Site "Daventry"]
[Date "2025.04.21"]
[Round "7.20"]
[White "Li, Pengxiang"]
[Black "Morley, Ian"]
[Result "0-1"]
[WhiteElo "1287"]
[BlackElo "1428"]
[PlyCount "80"]
[EventDate "2025.04.18"]
[EventType "swiss"]
[EventRounds "7"]
[EventCountry "ENG"]
[SourceTitle "BritBase"]
[Source "John Saunders"]
[SourceDate "2025.09.18"]
[SourceVersion "1"]
[SourceVersionDate "2025.09.18"]
[SourceQuality "1"]

1. e4 d5 2. exd5 Qxd5 3. Nc3 Qd8 4. d4 Nf6 5. Nf3 Bg4 6. Bb5+ c6 7. Bc4 e6 8. O-O Bxf3 9. Qxf3 Nbd7 10. Bf4 Qb6 11. Bb3 Qxd4 12. Rad1 Qb6 13. Rfe1 Nc5 14. Ne4 Ncxe4 15. Rxe4 Nxe4 16. Qxe4 Rd8 17. Qf3 Rxd1+ 18. Qxd1 Be7 19. c3 Qd8 20. Qg4 Bf6 21. Qe2 Bg5 22. Be5 Qd2 23. Qf1 O-O 24. c4 Rd8 25. f4 f6 26. fxg5 Qe3+ 27. Kh1 Qxe5 28. gxf6 Qxf6 29. Qe2 Rf8 30. Kg1 c5 31. h3 e5 32. Bc2 Qf4 33. Be4 b6 34. b3 Rd8 35. Bd5+ Kh8 36. Qe1 Qd4+ 37. Kh1 Rf8 38. Qe2 Rf2 39. Qh5 Rf1+ 40. Kh2 Qf4+ 0-1

[Event "Daventry 4NCL U1700"]
[Site "Daventry"]
[Date "2025.04.21"]
[Round "7.21"]
[White "Goldsmith, Jennifer"]
[Black "Guest, Liam"]
[Result "1-0"]
[WhiteElo "1379"]
[BlackElo "1359"]
[PlyCount "141"]
[EventDate "2025.04.18"]
[EventType "swiss"]
[EventRounds "7"]
[EventCountry "ENG"]
[SourceTitle "BritBase"]
[Source "John Saunders"]
[SourceDate "2025.09.18"]
[SourceVersion "1"]
[SourceVersionDate "2025.09.18"]
[SourceQuality "1"]

1. c4 c5 2. Nc3 Nf6 3. g3 d5 4. cxd5 Nxd5 5. Bg2 Nxc3 6. bxc3 Qb6 7. Qc2 Nd7 8. e3 Rb8 9. Ne2 e5 10. O-O Bd6 11. Rb1 Qc7 12. f4 O-O 13. Bb2 Nf6 14. fxe5 Bxe5 15. Ba3 b6 16. Nf4 Re8 17. Nh3 Bb7 18. Ng5 g6 19. Qd1 Bxg2 20. Kxg2 Qb7+ 21. Kg1 h5 22. Bxc5 Qc6 23. Bd4 Bxd4 24. cxd4 Rb7 25. Rc1 Qd5 26. Qf3 Qxg5 27. Qxb7 Qd5 28. Qxd5 Nxd5 29. Rf2 Re7 30. a3 b5 31. Rc5 Nc7 32. Rf6 a6 33. Rfc6 Ne6 34. Rc1 Ng5 35. Kg2 Ne4 36. R1c2 Ra7 37. h4 Kg7 38. Kf3 Nf6 39. Rc7 Ra8 40. Rb7 Ne8 41. e4 Nd6 42. Rbc7 Nc4 43. Ra2 Kf6 44. d3 Na5 45. Kf4 Nb3 46. d5 Re8 47. Rc6+ Kg7 48. Rb2 Nd4 49. Rxa6 f6 50. Ra7+ Kh6 51. a4 g5+ 52. hxg5+ fxg5+ 53. Ke3 Nf5+ 54. Kf2 Nd4 55. Ra6+ Kg7 56. axb5 g4 57. b6 Rf8+ 58. Kg2 Rb8 59. b7 Nc2 60. Rxc2 Rxb7 61. d6 Kf6 62. d7+ Ke7 63. Rd2 Kxd7 64. Rh6 Rb5 65. Kf2 Ke7 66. Ke3 Kf7 67. Kf4 Kg7 68. Re6 Kf7 69. Re5 Rb6 70. Rxh5 Kg6 71. Rg5+ 1-0